Les meilleures compagnies aériennes du monde - Statistiques

Statistiques générales
  • Ce quiz a été pris 412 fois
  • Le résultat moyen est 6 sur 15
Statistiques - réponses
# Réponse % Correct
#7 Air France
96%
#3 Emirates
82%
#2 Qatar Airways
70%
#1 Singapore Airlines
51%
#8 Qantas Airways
40%
#6 Turkish Airlines
37%
#11 Etihad Airlines
32%
#5 Japan Airlines
32%
#4 All Nippon Airways
27%
#13 Cathay Pacific
21%
#9 Korean Air
21%
#10 Swiss Air
17%
#14 Air New Zealand
16%
#12 Eva Air
12%
#15 Virgin Atlantic/ Virgin Australia
9%
Aucun quiz correspondant
Distribution des résultats
% des personnes avec chaque résultat
Percentile par nombre de réponses
Votre historique - résultats
Vous n’avez pas pris ce quiz